000 00273nam a22001217a 4500
003 SGT
082 _a618.1
_bD15S
100 _aSCHAFER, CHRISTOF
245 _aDRUGS DURING PREGNANCY AND LACTATION
260 _aLONDON
_bELSEVIER
_c2015
300 _a892
942 _2ddc
_cBK
999 _c14958
_d14958